Administration for rural development (Record no. 83666)

MARC details
000 -LEADER
fixed length control field 00633nam a2200145 a 4500
008 - FIXED-LENGTH DATA ELEMENTS--GENERAL INFORMATION
fixed length control field 120416s1978 ||||||||||||||||| || u
050 ## - LIBRARY OF CONGRESS CALL NUMBER
Classification number JQ 2829.R87 Adm
245 10 - TITLE STATEMENT
Title Administration for rural development
246 ## -
-- report of the second phase of the research
260 ## - PUBLICATION, DISTRIBUTION, ETC.
Place of publication, distribution, etc. The Hague
Name of publisher, distributor, etc. NUFFIC
Date of publication, distribution, etc. 1978
300 ## - PHYSICAL DESCRIPTION
Extent 173p.
350 ## -
-- 0.00
995 ## -
-- SPECIAL COLLECTIONS
-- 0.00
-- 706689
-- CBU-MAIN LIBRARY (Kitwe)
-- 1
-- 3.00
-- ZAM JQ 2829.R87 Adm
-- 1
-- AVAILABLE
-- 024174
-- Zambiana Collection
995 ## -
-- SPECIAL COLLECTIONS
-- 0.00
-- 706690
-- CBU-MAIN LIBRARY (Kitwe)
-- 2
-- 3.00
-- ZAM JQ 2829.R87 Adm
-- 2
-- AVAILABLE
-- 024175
-- Zambiana Collection
999 ## -
-- 83666
-- 83666
Holdings
Withdrawn status Lost status Source of classification or shelving scheme Damaged status Not for loan Permanent Location Current Location Shelving location Date acquired Total Checkouts Full call number Barcode Date last seen Copy number Price effective from Koha item type
          CBU-MAIN LIBRARY, KITWE. CBU-MAIN LIBRARY, KITWE.   01/08/2024   ZAM JQ 2829.R87 Adm 024174 01/08/2024 1 01/08/2024 SPECIAL COLLECTION
          CBU-MAIN LIBRARY, KITWE. CBU-MAIN LIBRARY, KITWE.   01/08/2024   ZAM JQ 2829.R87 Adm 024175 01/08/2024 2 01/08/2024 SPECIAL COLLECTION